000 00386nam a2200133 a 4500
001 000029594
005 20200930055649.0
008 110418s1987 dr 000 0 spa d
040 _aDO-SdBNP
_bspa
_cBNPHU
245 0 0 _aMujeres en desarrollo dominicana :
_bestatutos /.
260 _aSanto Domingo :
_bMUDE Dominicana,
_c1987.
_fEditora Gente
300 _a16 p. ;
_c22 cm.
049 _aBNPD
999 _c29086
_d29086